Statistics for Pacific Islands Forum members

Click here to take the quiz!

General Stats

  • This quiz has been taken 20 times
  • The average score is 14 of 18

Answer Stats

Members% Correct
Fiji
100%
Nauru
93%
Palau
93%
Marshall Islands
87%
Samoa
87%
Solomon Islands
87%
Tonga
87%
Tuvalu
87%
Vanuatu
87%
Kiribati
80%
Micronesia
80%
Papua New Guinea
80%
Australia
73%
New Zealand
73%
Niue
53%
Cook Islands
47%
French Polynesia
47%
New Caledonia
47%

Score Distribution

Percentile by Number Answered

Percent of People with Each Score

Your Score History

You have not taken this quiz